ICTs in libraries
Contents of material: 1/ Electronic libraries. 2/ Online library management. 3/ Electronic cllections. 4/ Networking strategies. 5/ Archiving and preserving challenges.
محفوظ في:
| التنسيق: | كتاب |
|---|---|
| اللغة: | Undetermined |
| منشور في: |
Darya Ganj, New Delhi
Akansha Publishing House
2004
|
| الموضوعات: | |
| الوسوم: |
إضافة وسم
لا توجد وسوم, كن أول من يضع وسما على هذه التسجيلة!
|
| Thư viện lưu trữ: | Trung tâm Học liệu Trường Đại học Cần Thơ |
|---|
| LEADER | 00777nam a2200205Ia 4500 | ||
|---|---|---|---|
| 001 | CTU_124772 | ||
| 008 | 210402s9999 xx 000 0 und d | ||
| 020 | |c 49.00 | ||
| 082 | |a 025.00285 | ||
| 082 | |b I.43 | ||
| 245 | 0 | |a ICTs in libraries | |
| 245 | 0 | |c Edited by Kuma Verma | |
| 260 | |a Darya Ganj, New Delhi | ||
| 260 | |b Akansha Publishing House | ||
| 260 | |c 2004 | ||
| 520 | |a Contents of material: 1/ Electronic libraries. 2/ Online library management. 3/ Electronic cllections. 4/ Networking strategies. 5/ Archiving and preserving challenges. | ||
| 650 | |a Integrated library systems (Computer systems),Libraries,Information technology | ||
| 650 | |x Electronic information resources. | ||
| 904 | |i Minh | ||
| 980 | |a Trung tâm Học liệu Trường Đại học Cần Thơ | ||